MARC

LEADER 00000nam0a2200000 4500
001 308305
005 20231102002100.0
035 |a (RuTPU)RU\TPU\book\333614 
090 |a 308305 
100 |a 20151030d1981 km y0rusy50 ca 
101 0 |a rus 
102 |a RU 
105 |a a z 001zy 
200 1 |a Измерения физико-механических свойств и характеристик структуры строительных материалов  |e сборник научных трудов  |f Всесоюзный научно-исследовательский институт физико-технических и радиотехнических измерений (ВНИИФТРИ) ; под ред. А. И. Маркова 
210 |a Москва  |c Изд-во ВНИИФТРИ  |d 1981 
215 |a 90 с.  |c ил. 
320 |a Библиогр. в конце статей 
606 1 |a Строительные материалы  |x Физико-механические свойства  |2 stltpush  |3 (RuTPU)RU\TPU\subj\57528  |9 75388 
610 1 |a измерения 
610 1 |a характеристики 
610 1 |a структура 
610 1 |a цементные материалы 
610 1 |a измерения 
610 1 |a точность 
610 1 |a метрологическое обеспечение 
675 |a 691:53  |v 4 
702 1 |a Марков  |b А. И.  |4 340 
712 0 2 |a Всесоюзный научно-исследовательский институт физико-технических и радиотехнических измерений (ВНИИФТРИ)  |c (п. Менделеево, Московская область)  |2 stltpush  |3 (RuTPU)RU\TPU\col\12883 
801 1 |a RU  |b 63413507  |c 20151030 
801 2 |a RU  |b 63413507  |c 20211209  |g RCR 
942 |c BK